Ensayos de educación
Bewaard in:
| Hoofdauteur: | |
|---|---|
| Formaat: | Boek |
| Taal: | Spaans |
| Gepubliceerd in: |
Madrid
De la Lectura
1926
|
| Reeks: | Ciencia y Educación. Sección Contemporánea
|
| Onderwerpen: | |
| Tags: |
Voeg label toe
Geen labels, Wees de eerste die dit record labelt!
|
MARC
| LEADER | 00000nam a2200000 a 4500 | ||
|---|---|---|---|
| 001 | UCW6465 | ||
| 003 | CL-VaPUC | ||
| 008 | 920115e19260000SP |||||||||||||||||spa|d | ||
| 082 | 0 | 4 | |a 370.1 |b DEW |2 21 |
| 100 | 0 | |a Dewey, John |e author |9 311497 | |
| 245 | 1 | 0 | |a Ensayos de educación |
| 300 | |a 174 p | ||
| 942 | |c BK | ||
| 945 | |d 19920115 00:00:00 | ||
| 260 | |a Madrid |b De la Lectura |c 1926 | ||
| 650 | 0 | |a Filosofía de la educación |9 258384 | |
| 583 | |a last modification |c 19920115 00:00:00 |k Rodrigo Vera | ||
| 490 | 0 | |a Ciencia y Educación. Sección Contemporánea | |
| 999 | |c 219519 |d 219517 | ||
| 952 | |0 0 |1 0 |4 0 |6 370_100000000000000_DEW_1926 |7 0 |8 P |9 210532 |a BIBEDU |b BIBEDU |c BIBEDU_PB |d 2019-11-15 |i 2786664 |o 370.1 DEW 1926 |p 2786664 |r 2024-01-25 |w 2019-11-15 |y BK |k EDU | ||